1639 1666 1156 1648 1503 1890 1296 1537 1975 1292 1443 1133 1017 1768 1682 1534 1735 1793 1402 1953 1918 1578 1933 1156 1445 1607 1696 1510 1340 1828 1259 1343 1561 1886 1577 1869 1681 1710 1561 1522 1315 1896 1868 1724 1682 1230 1913 1936 1709 1437 1660 1782 1753 1955 1357 1320 1604 1683 1620 1680 1958 1243 1483 1345 1000 1478 1088 1000 1751 1154 1430 1780 1691 1506 1870 1613 1095 1698 1035 1771 1825 1697 1509 1754 1652 1368 1383 1116 1611 1384 1808 1307 1854 1482 1047 1927 1501 1785 1320 BCNSPRNW ULIB Ver.6.0+V

เปลี่ยนเป็นภาษาไทย

Change to English
 แสดงรายละเอียดบรรณานุกรม
  กลับหน้าหลัก

Brief Record : Get Marc (ISO 2709) : E-mail record : QR code < ปิดหน้าต่าง
LEADER : 00000nam 2200000uu 4500
001    13399129187
003     ULIB
008    260422s2568||||th 000 0 tha d
020    ^a9789740343639
060 0  ^aWS350.8^bส16ด
100 0  ^aสมเกตุ อุทธโยธา.
245 1  ^aเด็กที่มีภาวะออทิสซึม /^cสมเกตุ อุทธโยธา.
246 3  ^aChildren with autism
250    ^aพิมพ์ครั้งที่ 1.
260    ^aกรุงเทพฯ :^bสำนักพิมพ์จุฬาลงกรณ์มหาวิทยาลัย,^c2568.
300    ^a339 หน้า :^bภาพประกอบ ;^c26 ซม
505 2  ^aการฟื้นฟูทางการแพทย์สำหรับเด็กที่มีภาวะออทิซึม - - การจัดการศึกษาเพื่อพัฒนาเด็กที่มีภาวะออทิซึม - - การส่งเสริมทักษะภาษาและการสื่อความหมาย - - การส่งเสริมทักษะทางด้านสังคม - - การจัดการพฤติกรรม -- การทำงานร่วมกับผู้ปกครองเด็กออทิสติก และการพัฒนาทักษะทางอาชีพ.
505 2  ^aการฟื้นฟูทางการแพทย์สำหรับเด็กที่มีภาวะออทิซึม -- การจัดการศึกษาเพื่อพัฒนาเด็กที่มีภาวะออทิซึม -- การส่งเสริมทักษะภาษาและการสื่อความหมาย -- การส่งเสริมทักษะทางด้านสังคม -- การจัดการพฤติกรรม (Behavior Management) -- การทำงานร่วมกับผู้ปกครองเด็กออทิสติก และการพัฒนาทักษะทางอาชีพ
505 2  ^aสารบัญ การฟื้นฟู้ทางการแพทย์สำหรับเด็กที่มีภาวะออทิซึม -- การจัดการศึกษาเพื่อพัฒนาเด็กที่มีภาวะออทิซึม --การส่งเสริมทักษะภาษาและการสื่อความหมาย --การส่งเสริมทักษะทางด้านสังคม -- การจัดการพฤติกรรม (BehaviorManagement) -- การทำงานร่วมกับผู้ปกครองเด็กออทิสติกและการพัฒนาทักษะทางอาชีพ.
650  4 ^aการปรับพฤติกรรม
650  4 ^aเด็กออทิสติก^xการปรับพฤติกรรม.
650  4 ^aออทิซึม
650  4 ^aออทิซึมในเด็ก.
650  4 ^aออทิซึมในเด็ก^xการปรับพฤติกรรม.
650  4 ^aออทิซึมสเปกตรัมในเด็ก.
650  4 ^aออทิสติก.
695    ^aHealth Sciences.
999    ^aประนอม เกษจรัล
รายการนี้ยังไม่มีแท็ก
คุณยังไม่ได้ล็อกอิน คุณสามารถมีกิจกรรมร่วมกับเว็บไซต์ได้ แต่ต้องล็อกอินก่อน ::
  ล็อกอิน

รายการสื่อสารสนเทศ

ลำดับที่ ประเภท เลขเรียก/บาร์โค้ด สถานที่ สถานะ
1. วิทยาศาสตร์การแพทย์ และสุขภาพ
หนังสือสำรอง
สถานะ=หนังสือสำรอง
WS350.8 ส16ด ฉ.1 
  Barcode: 012082
ห้องสมุดวิทยาเขตสวรรค์ประชารักษ์
►หนังสือทั่วไป
บนชั้น
2. วิทยาศาสตร์การแพทย์ และสุขภาพ
วิทยาศาสตร์การแพทย์ และสุขภาพ
WS350.8 ส16ด ฉ.2 
  Barcode: 012083
ห้องสมุดวิทยาเขตสวรรค์ประชารักษ์
►หนังสือทั่วไป
บนชั้น
3. วิทยาศาสตร์การแพทย์ และสุขภาพ
วิทยาศาสตร์การแพทย์ และสุขภาพ
WS350.8 ส16ด ฉ.3 
  Barcode: 012084
ห้องสมุดวิทยาเขตสวรรค์ประชารักษ์
►หนังสือทั่วไป
บนชั้น
4. วิทยาศาสตร์การแพทย์ และสุขภาพ
วิทยาศาสตร์การแพทย์ และสุขภาพ
WS350.8 ส16ด ฉ.4 
  Barcode: 012085
ห้องสมุดวิทยาเขตสวรรค์ประชารักษ์
►หนังสือทั่วไป
บนชั้น
5. วิทยาศาสตร์การแพทย์ และสุขภาพ
วิทยาศาสตร์การแพทย์ และสุขภาพ
WS350.8 ส16ด ฉ.5 
  Barcode: 012086
ห้องสมุดวิทยาเขตสวรรค์ประชารักษ์
►หนังสือทั่วไป
บนชั้น

รายการใกล้เคียง
    หัวเรื่อง [การปรับพฤติกรรม]
    หัวเรื่อง [ออทิซึม]

BibComment


ยังไม่เคยถูกคอมเมนท์

คอมเมนท์ทรัพยากรรายการนี้
  คอมเมนท์: เด็กที่มีภาวะออท..


 Copyright 2026. Bcnsprnw @Library